Statistics for Fortnite Quiz - Season 5

Click here to take the quiz!

General Stats

  • This quiz has been taken 170 times
  • The average score is 20 of 69

Answer Stats

Health and MaterialsAnswer% Correct
MaterialWood
85%
+100 HealthMed kit
83%
+25 Shield +25 HealthSlurp Juice
74%
Bring health to fullChug Jug
72%
+15 HealthBandages
64%
+50 ShieldShield
63%
LocationTilted Towers
55%
+25 ShieldMini shields
48%
Healing TrapCampfire
47%
Building OptionFloor
46%
LocationParadise Palms
44%
Flight TrapLaunch Pad
43%
Building OptionWall
43%
LocationLazy Links
41%
Building OptionRamp
41%
LocationRetail Row
39%
Building OptionPyramid
38%
RifleAssault Rifle
36%
LocationLucky Landing
36%
LocationHaunted Hills
35%
Damage TrapSpike Trap
35%
Game CreatorsEpic Games
34%
LocationPleasant Park
34%
Loot SourceChest
33%
LocationSnobby Shores
33%
LocationWailing Woods
32%
LocationDusty Divot
31%
LocationGreasy Grove
31%
Gravity TrapBounce Pad
30%
CurrencyV-Bucks
30%
LocationFatal Fields
29%
LocationLonely Lodge
29%
HandgunHand Cannon
28%
Machine GunMinigun
28%
HandgunPistol
28%
Sub Machine GunSMG
28%
LocationRisky Reels
27%
Loot SourceSupply Drop
27%
ExplosiveGrenade Launcher
26%
Other Game ModeSave The World
25%
LocationShifty Shafts
25%
LocationJunk Junction
22%
ExplosiveRPG
22%
LocationTomato Town
22%
HandgunRevolver
21%
Loot SourceAmmo Box
20%
ExplosiveC4
19%
LocationFlush Factory
18%
Loot SourceLlama
18%
Machine GunLMG
18%
Sub Machine GunCompact SMG
16%
Handgun'sDual Pistols
15%
RifleBurst Rifle
13%
ExplosiveGrenades
13%
ExplosiveClingers
12%
ShotgunPump Shotgun
12%
Sub Machine GunSilenced SMG
12%
GrenadeImpulse Grenade
10%
ShotgunTactical Shotgun
10%
SniperBolt-Action Sniper
9%
SniperHunting Rifle
8%
RifleScoped Assault Rifle
8%
PistolSilenced Pistol
8%
SniperSemi-Auto Sniper
7%
ShotgunHeavy Shotgun
6%
Machine GunTommy Gun
5%
MaterialBrick or Stone
3%
MaterialMetal or Iron
3%
RifleThermal Scoped Assault Rifle
3%

Score Distribution

Percentile by Number Answered

Percent of People with Each Score

Your Score History

You have not taken this quiz